01436nam a2200373 a 4500001001200000003000800012006001900020007001500039008004100054020001500095020001800110020002700128040002100155035002100176050002600197100002400223245014800247260002900395300002500424440003400449504005100483533015200534650004400686650003000730650002900760650002100789650002200810655002900832700002000861700002100881710001700902856012600919999001701045ebr10621172CaPaEBRm u cr cn|||||||||121119s2005 enka sb 001 0 eng d z0854045465 z9780854045327 z9781847550729 (e-book) aCaPaEBRcCaPaEBR a(OCoLC)23263789014aQD79.C454bF53 2005eb1 aFlanagan, Robert J.10aElectrochemical detection in HPLCh[electronic resource] :banalysis of drugs and poisons /cRobert J. Flanagan, David Perrett, Robin Whelpton. aCambridge :bRSC,c2005. axiii, 230 p. :bill. 0aRSC chromatography monographs aIncludes bibliographical references and index. aElectronic reproduction.bPalo Alto, Calif. :cebrary,d2011.nAvailable via World Wide Web.nAccess may be limited to ebrary affiliated libraries. 0aHigh performance liquid chromatography. 0aChromatographic analysis. 0aElectrochemical sensors. 0aDrugsxAnalysis. 0aToxinsxAnalysis. 7aElectronic books.2local1 aPerrett, David.1 aWhelpton, Robin.2 aebrary, Inc.40uhttp://site.ebrary.com/lib/rucke/Doc?id=10621172zAn electronic book accessible through the World Wide Web; click to view c56692d56692